Gatineau quiz - Statistics

General Stats
  • This quiz has been taken 27 times
  • The average score is 2 of 5
Answer Stats
Question Answer % Correct
Where is Gatineau located? near ottawa
92%
how many sectors are there in gatineau ? 5
46%
how many tim hortons locations are there ? 20
23%
who is the current mayor (september 2022) france beslisle
23%
how many high schools are there? 15
15%
No matching quizzes found
Score Distribution
Percent of People with Each Score
Percentile by Number Answered
Your Score History
You have not taken this quiz